| 000 | 00440nam a22001817a 4500 | ||
|---|---|---|---|
| 003 | AR-RoIUNI | ||
| 005 | 20250624110205.0 | ||
| 008 | 250623b |||||||| |||| 00| 0 spa d | ||
| 040 | _cAR-RoIUNI | ||
| 080 | _a615.851.52 | ||
| 100 | _aGennie, Lemoine. | ||
| 245 | _aUna teoria del psicodrama | ||
| 250 | _a1° edicion | ||
| 260 |
_aBuenos Aires _bGranica _c1974 |
||
| 650 |
_aPsicologia _9108 |
||
| 650 | _aPsicodrama | ||
| 942 |
_2cdu _cBK |
||
| 999 |
_c6030 _d6030 |
||